000
00186nam a2200073Ia 4500
008
170817s9999 xx 000 0 und d
100
_a
RATHER A. R.
245
0
_a
DYNAMICS OF EDUCATIONAL TECHNOLOGY
260
_b
ANMOL PUB.
999
_c
37891
_d
37891